书目信息 |
| 题名: |
激光应用与安全防护
|
|
| 作者: | 刘忠达 编著 | |
| 分册: | ||
| 出版信息: | 沈阳 辽宁科学技术出版社 1985 |
|
| 页数: | 558页 | |
| 开本: | 19cm | |
| 丛书名: | ||
| 单 册: | ||
| 中图分类: | TN249 | |
| 科图分类: | ||
| 主题词: | 激光应用 , 激光安全 | |
| 电子资源: | ||
| ISBN: | ||
| 000 | 00631nam0 2200241 45 | |
| 001 | 0185020788 | |
| 005 | 20060812103128.81 | |
| 010 | @dCNY2.90 | |
| 091 | @a15288.87 | |
| 100 | @a19900921d1985 emky0chiy0121 ea | |
| 101 | 0 | @achi |
| 102 | @aCN@b210000 | |
| 105 | @ay z 000yy | |
| 200 | 10 | @a激光应用与安全防护@Aji guang ying yong yu an quan fang hu@f刘忠达编著 |
| 210 | @a沈阳@c辽宁科学技术出版社@d1985 | |
| 215 | @a558页@d19cm | |
| 606 | @a激光应用 | |
| 606 | @a激光安全 | |
| 690 | @aTN249@v3 | |
| 701 | 0 | @a刘忠达@Aliu zhong da@4编著 |
| 801 | 2 | @aCN@bNLC@c20060812 |
| 801 | 0 | @aCN@bTSSF |
| 905 | @a10447@dTN249@e68 | |
| 激光应用与安全防护/刘忠达编著.-沈阳:辽宁科学技术出版社,1985 |
| 558页;19cm |
| ISBN :CNY2.90 |
| ● |
| 相关链接 |
|
|
|
|
正题名:激光应用与安全防护
索取号:TN249/68
 
预约/预借
| 序号 | 登录号 | 条形码 | 馆藏地/架位号 | 状态 | 备注 |
| 1 | 0452347 | 204523471 | 密集书库/ [索取号:TN249/68] | 在馆 |